| 000 | 00570nam a2200193Ia 4500 | ||
|---|---|---|---|
| 008 | 090201s9999 xx 000 0 und d | ||
| 010 | _aKPL-71467 | ||
| 020 | _a81-7294-312-1 | ||
| 040 | _bमराठी | ||
| 041 | _aमराठी | ||
| 082 |
_a51557 _b71467 |
||
| 100 | _aसुहास शिरवळकर | ||
| 245 |
_aझूम _cसुहास शिरवळकर |
||
| 250 | _a2 | ||
| 260 |
_c2001 _bदिलीपराज प्रकाशन प्रा. लि. |
||
| 300 |
_a252 _bलहान |
||
| 600 | _aझूम | ||
| 942 | _cBOOK | ||
| 999 |
_c248022 _d248022 |
||